000 00671cam a22002413a 4500
001 24114
003 PGUSA
005 20140828083521.0
008 080102s2008||||xxu|||||s|||||000 | eng d
040 _aPGUSA
_beng
042 _adc
050 4 _aDS
100 1 _aSu, Shi,
_d1037-1101
245 1 0 _a東坡志林
_h[electronic resource] /
_cShi Su
260 _bProject Gutenberg,
_c2008
506 _aPublic domain in the USA.
516 _aElectronic text
653 _aChina -- History -- Song dynasty, 960-1279 -- Anecdotes
740 0 _aDong Po Zhi Lin
830 0 _aProject Gutenberg
_v24114
856 4 0 _uhttp://www.gutenberg.org/ebooks/24114
942 _cEB
999 _c253369
_d253369